000 01124nam0a22002771 4500
001 rc\2221544
005 20250623064653.0
035 _a(NLR Aleph) 006643466
090 _a4718575
_c4718575
100 _a20110829d1978 |||y0rusy50 ca
101 0 _arus
102 _aRU
105 _ay z |||||
200 1 _aОбзор об опыте работы централизованной бухгалтерии при УВД Пермского облисполкома с использованием перфорационной вычислительной техники
_f[Подгот. Сальниковым П.В., Черепановым А.А.]
210 _aМосква
_cБ. и.
_d1978
215 _a55 с.
_d28
300 _aВ надзаг.: М-во внутр. дел СССР, Фин.-план. упр. Сводно-методол. отд
333 _aДСП. Экз. № 197
700 1 _aСальников
_bП.В.
701 1 _aЧерепанов
_bА.А.
801 0 _aRU
_bNLR
_gpsbo
801 1 _aRU
_bELAR
_2rusmarc
852 _aNLR
_j79-50К/960
899 _aRuMoRGB
_jСХ
942 _cBOOK
980 _aNB